Keajaiban 350 ayat (Record no. 120926)

MARC details
000 -LEADER
fixed length control field 00674nam a2200241 i 4500
001 - CONTROL NUMBER
control field C2-0320228
003 - CONTROL NUMBER IDENTIFIER
control field PPAK
005 - DATE AND TIME OF LATEST TRANSACTION
control field 20180728115728.0
008 - FIXED-LENGTH DATA ELEMENTS--GENERAL INFORMATION
fixed length control field 121212s2012 my |||| ||||| | may d
020 ## - INTERNATIONAL STANDARD BOOK NUMBER
International Standard Book Number 9673681066 ; 9789673681068
040 ## - CATALOGING SOURCE
Original cataloging agency PPAK
Language of cataloging eng
Transcribing agency PPAK
Description conventions rda
082 04 - DEWEY DECIMAL CLASSIFICATION NUMBER
Classification number 297.1229
Edition number 23
090 00 - LOCALLY ASSIGNED LC-TYPE CALL NUMBER (OCLC); LOCAL CALL NUMBER (RLIN)
Classification number (OCLC) (R) ; Classification number, CALL (RLIN) (NR) 297.1229
Feature heading JUM
Feature heading G
100 1# - MAIN ENTRY--PERSONAL NAME
Personal name Jumu'ah, Amru,
Relator term author
245 10 - TITLE STATEMENT
Title Keajaiban 350 ayat
264 #1 - PRODUCTION, PUBLICATION, DISTRIBUTION, MANUFACTURE, AND COPYRIGHT NOTICE
Place of production, publication, distribution, manufacture Batu Caves, Selangor :
Name of producer, publisher, distributor, manufacturer Al-Hidayah Publication ,
Date of production, publication, distribution, manufacture, or copyright notice 2012
300 ## - PHYSICAL DESCRIPTION
Extent iv, 346 pages ;
Dimensions 23 cm.
336 ## - CONTENT TYPE
Source rdacontent
Content type term text
337 ## - MEDIA TYPE
Source rdamedia
Media type term unmediated
338 ## - CARRIER TYPE
Source rdacarrier
Carrier type term volume
650 10 - SUBJECT ADDED ENTRY--TOPICAL TERM
Topical term or geographic name entry element Koran - Appreciation
942 ## - ADDED ENTRY ELEMENTS (KOHA)
-- dc
Koha item type Book
Holdings
Withdrawn Not for loan Current library Shelving location Date acquired Total Checkouts Full call number Barcode Date last seen Date last checked out Koha item type Total Renewals Checked out
    Perpustakaan Alor Setar Pinjaman Dewasa 18/12/2012 15 297.1229 JUM A01396616 24/06/2026 24/06/2026 Book 2 15/07/2026
    Perpustakaan Awam Sungai Petani Pinjaman Dewasa 18/12/2012 1 297.1229 JUM A01396617 13/02/2019 02/01/2019 Book 2  
    Perpustakaan Baling Pinjaman Dewasa 18/12/2012 6 297.1229 JUM A01396621 08/07/2023 24/06/2023 Book 3  
    Perpustakaan Jitra Pinjaman Dewasa 18/12/2012 1 297.1229 JUM A01396618 30/10/2022 10/10/2022 Book    
    Perpustakaan Kulim Pinjaman Dewasa 18/12/2012 6 297.1229 JUM A01396620 24/05/2026 12/04/2026 Book 1  
    Perpustakaan Langkawi Pinjaman Dewasa 18/12/2012 1 297.1229 JUM A01396619 16/04/2019 27/03/2019 Book    
    Perpustakaan Merbok Pinjaman Dewasa 18/12/2012   297.1229 JUM A01396627 09/05/2018   Book    
    Perpustakaan Sik Pinjaman Dewasa 18/12/2012 1 297.1229 JUM A01396623 11/10/2023 11/07/2023 Book 2